000 00723nam a2200205Ia 4500
008 0000002003 us a 0000000000eng00
020 _a897972457
090 _aPSC00 C65s
100 1 _aConroy, Stephen
245 1 0 _aStephen Conroy
_b: recent paintings
300 _a[58] p.
_c/ 29 cm.
500 _aExposición realizada en la Galería Marlborough, Marzo 529, 2003 \ Con el patronazgo del maestro venezolano Jesús Rafael Soto (q.e.p.d.)
600 0 0 _a CONROY, STEPHEN, 1964/
_xTRABAJOS PICTORICOS
650 1 4 _a PINTURA ESCOCESA
650 1 4 _xCATALOGOS
650 1 4 _xEXPOSICIONES
650 1 4 _aPINTORES ESCOCESES
650 1 4 _aPINTURA MODERNA ESCOCESA
999 _c248
_d248
260 _aNew York : Marlborough
_c2003